000 01108nam a22002777a 4500
005 20240530110525.0
008 160229s2013 ua a g b 000 0 ara d
017 _a2013/1582
_bمصر . دار الكتب المصرية
020 _a9789774312674
040 _aEG-CaGPL
082 0 4 _221
_a658.18\
_bس أ
100 0 _aسامح عبدالمطلب عامر
245 1 0 _aادارة الاعمال الدولية /
_cسامح عبدالمطلب عامر
250 _aط1
260 _aالقاهرة :
_bمؤسسة طيبة للنشر و التوزيع ،
_c2013 .
300 _a389 ص :
_bايض ؛
_c24 سم .
504 _aيشتمل على ارجاعات ببليوجرافية
650 0 4 _aادارة الاعمال الدولية
650 0 4 _aالاستثمارات الاجنبية
650 0 4 _aالتسويق الدولى
650 0 4 _aالتجارة الخارجية
650 0 4 _aالدول النامية
_xالاستثمارات
650 0 4 _aالمؤسسات التجارية
_xتنظيم و ادارة
942 _2ddc
_cBK
999 _c61966
_d61966